| 000 -CABECERA |
| fixed length control field |
00872nam a22002057a 4500 |
| 003 - IDENTIFICADOR DEL NÚMERO DE CONTROL |
| control field |
AR-CdUCM |
| 008 - DATOS DE LONGITUD FIJA--INFORMACIÓN GENERAL |
| fixed length control field |
190304b ||||| |||| 00| 0 esp d |
| 020 ## - NÚMERO INTERNACIONAL ESTÁNDAR DEL LIBRO |
| ISBN |
ISBN |
| 040 ## - FUENTE DE LA CATALOGACIÓN |
| Agencia/entidad que catalogó originalmente la obra |
MUNICIPALIDAD PROVINCIAL DEL CUSCO |
| Entidad que transcribió la catalogación |
BIBLIOTECA MUNICIPAL DEL CUSCO |
| 082 ## - NÚMERO DE LA CLASIFICACIÓN DECIMAL DEWEY |
| No. de Clasificación |
869.569 / C77 |
| Notacion interna |
C77 |
| 110 ## - ENTRADA PRINCIPAL--NOMBRE DE ENTIDAD CORPORATIVA |
| Nombre de la institución, jurisdicción como entrada principal |
Universidad Nacional de Córdoba (Argentina) |
| 9 (RLIN) |
10455 |
| 245 ## - MENCIÓN DE TÍTULO |
| Título |
Aula Vallejo 8, 9, 10 - años 1968-1971 : |
| Mención de responsabilidad |
Centro de Documentación e Investigación César Vallejo, director Juan Larrea / |
| 260 ## - PUBLICACIÓN, DISTRIBUCIÓN, ETC. |
| Lugar de publicación, distribución, etc. |
Córdoba : |
| Nombre de la editorial, distribuidor, etc. |
Universidad Nacional de Córdoba (Argentina) |
| -- |
Facultad de Filosofía y Humanidades |
| Fecha de publicación, distribución, etc. |
1971 |
| 300 ## - DESCRIPCIÓN FÍSICA |
| Nº de Páginas Extensión |
517 páginas. : |
| Dimensiones |
24 cm. |
| 650 ## - PUNTO DE ACCESO ADICIONAL DE MATERIA--TÉRMINO DE MATERIA |
| Descriptor |
Obra y personalidad del Poeta Cesar Vallejo |
| 9 (RLIN) |
8927 |
| 650 ## - PUNTO DE ACCESO ADICIONAL DE MATERIA--TÉRMINO DE MATERIA |
| Descriptor |
Textos de expositores |
| 9 (RLIN) |
8928 |
| 650 ## - PUNTO DE ACCESO ADICIONAL DE MATERIA--TÉRMINO DE MATERIA |
| Descriptor |
Intervención de las delegaciones universitarias |
| 9 (RLIN) |
8929 |
| 942 ## - ELEMENTOS DE PUNTO DE ACCESO ADICIONAL (KOHA) |
| Fuente de clasificación |
|
| Tipo de item |
Libros-BMC |
| 945 ## - PROCESAMIENTO DE INFORMACIÓN LOCAL (OCLC) |
| Catalogador |
rac |
| AAAA-MM-DD - Fecha de ingreso o modificacion |
2019-03-04 |